00788nam a2200181 i 4500001000400000245007800004260007000082300005600152501011200208505005000320650003600370710003000406020001500436040000800451041000800459008004100467856009800508bgj00aThe World Book Encyclopedia.nVol. 8,pG /cpublished by World Book, Inc. aChicago :bWorld Book - Childcraft International, Inc.,cc. 1980. a438 pp. :bill., maps, tables (some col.) ;c26 cm. aAn encyclopedia designed especially to meet the needs of elementary, junior high, and high school students. aIncludes Research Guide and Index in vol. 22. 9aEncyclopedies and |dictionariesp0aWorld Book, Inc.aChicago a0716600803 cBPK0 aeng s uk f |000 0 eng  uhttp://koha.tu.koszalin.pl/cgi-bin/koha/opac-detail.pl?biblionumber=41438yKatalog online BPK